| 000 | 00782nam a2200205 a 4500 | ||
|---|---|---|---|
| 001 | 000023371 | ||
| 005 | 20200930022155.0 | ||
| 008 | 101203s1990 ch 000 0 spa d | ||
| 020 | _a957922711x | ||
| 040 |
_aDO-SdBNP _bspa _cBNPHU |
||
| 082 |
_a330.951 _bY94m |
||
| 100 | 1 |
_aYu-ming, Shaw. _948140 |
|
| 245 | 1 | 0 |
_aMás allá del milagro económico : _breflexiones sobre la República de China en Taiwan, China continental y las relaciones sinoamericanas / _cShaw Yu-ming. |
| 260 |
_aTaiwan : _bCompañía de Publicaciones Kwang Hwa 2, _c1990. |
||
| 300 |
_a144 p. ; _c21 cm. |
||
| 650 | 4 |
_aChina _xPolítica económica _948141 |
|
| 650 | 4 |
_aChina _xCondiciones económicas. _y1976 _xCongresos,conferencias,etc _948142 |
|
| 650 | 4 |
_aChina _xPolítica y gobierno _948143 |
|
| 049 | _aBNGR | ||
| 999 |
_c22868 _d22868 |
||